Základ dane pre daň z príjmov právnickej osoby bakalárska práca

Gespeichert in:
Bibliographische Detailangaben
1. Verfasser: Švihurová, Anna
Körperschaft: Podnikovohospodárska fakulta EU so sídlom v Košiciach. Katedra účtovníctva a financií
Weitere Verfasser: Krepelková, Kristína
Format: Buch
Sprache:Slowakisch
Veröffentlicht: Košice 2009
Tags: Tag hinzufügen
Keine Tags, Fügen Sie das erste Tag hinzu!

MARC

LEADER 00000nam$a2200000$$$4500
001 0106005
005 20240320075607.6
041 0 |a slo 
044 |a SK 
245 1 0 |a Základ dane pre daň z príjmov právnickej osoby  |b bakalárska práca  |c Anna Švihurová ; škol. Kristína Krepelková 
264 1 |a Košice  |c 2009 
300 |a 97 s. 
100 1 |a Švihurová, Anna 
700 1 |a Krepelková, Kristína 
710 2 |a Podnikovohospodárska fakulta EU so sídlom v Košiciach. Katedra účtovníctva a financií